[Event "BL 0506 Hamburger SK - TV Tegernsee"]
[Site "?"]
[Date "2006.04.01"]
[Round "14.7"]
[White "Teske, Henrik"]
[Black "Van Delft, Merijn"]
[Result "1/2-1/2"]
[BlackElo "2385"]
[EventDate "2006.??.??"]
[PlyCount "49"]
[WhiteElo "2487"]

1. e4 e5 2. Bc4 Nf6 3. d3 Nc6 4. Nc3 Bb4 5. Ne2 d5 6. exd5 Nxd5 7. O-O Bxc3 8. Nxc3 Nxc3 9. bxc3 O-O 10. f4 exf4 11. Bxf4 Be6 12. Bb3 Na5 13. Qf3 Nxb3 14. axb3 c6 15. c4 Qd7 16. c5 f6 17. Bd6 Rfe8 18. Qg3 Kh8 19. Ra4 Bd5 20. Qf2 Bf7 21. Qf5 Be6 22. Qf2 Bf7 23. Qf5 Be6 24. Qf4 Bd5 25. Qf2  1/2-1/2

[Event "BL 0506 SV Mülheim Nord - SV Wattensche"]
[Site "?"]
[Date "2006.04.01"]
[Round "14.6"]
[White "Hausrath, Daniel"]
[Black "Visser, Yge"]
[Result "1/2-1/2"]
[BlackElo "2485"]
[EventDate "2006.??.??"]
[PlyCount "63"]
[WhiteElo "2463"]

1. Nf3 Nf6 2. g3 g6 3. Bg2 Bg7 4. O-O O-O 5. d4 d6 6. Re1 Nbd7 7. e4 e5 8. Nc3 a6 9. dxe5 dxe5 10. a4 b6 11. b3 Bb7 12. Ba3 Re8 13. Qe2 c6 14. Rad1 Bf8 15. Bxf8 Kxf8 16. Bh3 Qc7 17. Qc4 Rac8 18. Ng5 Re7 19. Rd2 h6 20. Nf3 b5 21. axb5 axb5 22. Qb4 Re8 23. Red1 Kg7 24. Rd6 Bc8 25. Ne1 Nf8 26. Bxc8 Rxc8 27. Qc5 Qa7 28. Nd3 Qxc5 29. Nxc5 Ne8 30. R6d3 Ne6 31. Nxe6+ Rxe6 32. Na2  1/2-1/2

[Event "BL 0506 Solinger SG - Leipzig Gohlis"]
[Site "?"]
[Date "2006.03.12"]
[Round "13.8"]
[White "Drabke, Lorenz Maximilian"]
[Black "Rausch, Stephan"]
[Result "1/2-1/2"]
[BlackElo "2343"]
[EventDate "2006.??.??"]
[PlyCount "65"]
[WhiteElo "2405"]

1. e4 e6 2. d3 d5 3. Nd2 Nf6 4. Ngf3 Nc6 5. c3 a5 6. Be2 e5 7. O-O Be7 8. b3 O-O 9. a3 Bg4 10. Qc2 Nh5 11. g3 Kh8 12. Re1 f5 13. exd5 Qxd5 14. Bb2 Bc5 15. b4 axb4 16. axb4 Rxa1 17. Bxa1 Ba7 18. Qb3 Qxb3 19. Nxb3 e4 20. dxe4 Bxf2+ 21. Kxf2 fxe4 22. Nd2 Ne5 23. Nxe4 Bxf3 24. Nd2 Bxe2+ 25. Kxe2 Ng4 26. Kd3 Nxh2 27. Re7 Rc8 28. c4 Ng4 29. Ne4 Kg8 30. Ng5 Kf8 31. Rf7+ Kg8 32. Re7 Kf8 33. Rf7+  1/2-1/2

[Event "BL 0506 Leipzig Gohlis - SV Wattenschei"]
[Site "?"]
[Date "2006.03.11"]
[Round "12.4"]
[White "Schoeneberg, Manfred"]
[Black "Holzke, Frank Dr"]
[Result "1/2-1/2"]
[BlackElo "2479"]
[EventDate "2006.??.??"]
[PlyCount "110"]
[WhiteElo "2322"]

1. e4 e5 2. Nc3 Nf6 3. g3 Bc5 4. Bg2 O-O 5. Nge2 c6 6. O-O d5 7. exd5 cxd5 8. d4 exd4 9. Nxd4 Bg4 10. f3 Nc6 11. Ne2 Bd7 12. Kh1 Re8 13. Nb3 Bb6 14. Bg5 h6 15. Bxf6 Qxf6 16. Nc3 Ne7 17. Qd2 Bc6 18. Rfe1 Nf5 19. Nxd5 Bxd5 20. Qxd5 Ne3 21. Qd2 Qxb2 22. c3 Qxd2 23. Nxd2 Ba5 24. Rac1 Nxg2 25. Kxg2 Rxe1 26. Rxe1 Bxc3 27. Re2 Rd8 28. Ne4 Bb4 29. g4 Rd5 30. Rc2 f5 31. Rc8+ Bf8 32. gxf5 Rxf5 33. Kg3 Rb5 34. Rb8 b6 35. Nd6 Rg5+ 36. Kf4 Ra5 37. h4 Rxa2 38. h5 Rh2 39. Kg4 Rg2+ 40. Kf4 Rh2 41. Kg4 Rg2+ 42. Kf4 g6 43. hxg6 Rxg6 44. Ne4 a5 45. Kf5 Rc6 46. Nf6+ Kf7 47. Rb7+ Be7 48. Nd5 Re6 49. Nxe7 Rxe7 50. Rxb6 Ra7 51. Rxh6 Kg7 52. Rh2 a4 53. Ra2 a3 54. Ke6 Ra6+ 55. Kd5 Kf6  1/2-1/2

[Event "BL 0506 SC Eppingen - SF Katernberg"]
[Site "?"]
[Date "2006.03.11"]
[Round "12.7"]
[White "Scholz, Christian"]
[Black "Schulze, Ulrich"]
[Result "1-0"]
[BlackElo "2322"]
[EventDate "2006.??.??"]
[PlyCount "77"]
[WhiteElo "2390"]

1. d4 Nf6 2. c4 g6 3. Nc3 d5 4. Bf4 Bg7 5. Rc1 O-O 6. e3 c5 7. dxc5 Qa5 8. cxd5 Ne4 9. Ne2 Rd8 10. Qa4 Qxa4 11. Nxa4 Rxd5 12. f3 Nf6 13. Nec3 Rd8 14. Bc4 Nc6 15. O-O Nb4 16. a3 Nd3 17. Bxd3 Rxd3 18. Rfd1 Rxd1+ 19. Rxd1 Be6 20. Be5 Bh6 21. Kf2 Nd7 22. Bf4 Bxf4 23. exf4 Rc8 24. b4 Kf8 25. Nd5 Ke8 26. Ke3 f6 27. Rd3 b6 28. cxb6 Bxd5 29. Rxd5 Nxb6 30. Nxb6 axb6 31. h4 Rc3+ 32. Rd3 Rc2 33. g4 Rh2 34. Kd4 Kd7 35. Kc4+ Kc6 36. b5+ Kc7 37. Kd5 Rxh4 38. Rc3+ Kb7 39. Re3  1-0

[Event "BL 0506 SG Köln Porz - Werder Bremen"]
[Site "?"]
[Date "2006.03.11"]
[Round "12.4"]
[White "Graf, Alexander"]
[Black "Hracek, Zbynek"]
[Result "1/2-1/2"]
[BlackElo "2581"]
[EventDate "2006.??.??"]
[PlyCount "109"]
[WhiteElo "2613"]

1. d4 Nf6 2. c4 e6 3. Nc3 Bb4 4. e3 O-O 5. Bd3 d5 6. cxd5 exd5 7. Ne2 Re8 8. Qc2 Bd6 9. a3 c6 10. Bd2 a5 11. Ng3 Nbd7 12. Nce2 Nf8 13. O-O h5 14. f3 h4 15. Nf5 Bxf5 16. Bxf5 Qc7 17. f4 g6 18. Bh3 Ne4 19. Be1 Qe7 20. Kh1 Nd7 21. Bxd7 Qxd7 22. Bxh4 Qf5 23. Qd1 Re6 24. Ng1 Ree8 25. Nf3 Kg7 26. Rc1 Rh8 27. Kg1 Rh7 28. Be1 Rah8 29. Rc2 a4 30. g3 Qg4 31. Rg2 Ra8 32. Bb4 Bxb4 33. axb4 a3 34. Ng5 Qxd1 35. Rxd1 Nxg5 36. fxg5 Rhh8 37. b3 Rhe8 38. Re2 Ra6 39. Ra1 a2 40. Kf2 Rea8 41. Rb2 f6 42. gxf6+ Kxf6 43. h4 g5 44. Ke2 Kg6 45. Kd3 Kh5 46. Rf2 gxh4 47. gxh4 Rb6 48. Kc3 Kxh4 49. Rfxa2 Rxa2 50. Rxa2 Kg3 51. Ra8 Kf3 52. Re8 Rb5 53. Re6 Rb6 54. Re5 Rb5 55. Re6  1/2-1/2

[Event "BL 0506 Hamburger SK - SG Kirchheim"]
[Site "?"]
[Date "2006.02.18"]
[Round "10.5"]
[White "Vonthron, Horst"]
[Black "Mueller, Karsten Dr"]
[Result "0-1"]
[BlackElo "2489"]
[EventDate "2006.??.??"]
[PlyCount "112"]
[WhiteElo "2339"]

1. e4 d5 2. exd5 Qxd5 3. Nc3 Qa5 4. d4 Nf6 5. Bd3 Bg4 6. f3 Bh5 7. Ne2 e6 8. O-O c6 9. Nf4 Bg6 10. Ne4 Nbd7 11. c3 Be7 12. Qe2 Nd5 13. Bd2 Qc7 14. g3 O-O 15. Nxg6 hxg6 16. c4 N5f6 17. Bf4 Qb6 18. Be3 Nxe4 19. Bxe4 e5 20. dxe5 Bc5 21. Bxc5 Qxc5+ 22. Qf2 Qxf2+ 23. Kxf2 Nxe5 24. b3 Rfe8 25. Rad1 a5 26. Bc2 a4 27. bxa4 Nxc4 28. Rd7 b5 29. Rb1 Na3 30. Rc1 Nxc2 31. Rxc2 Rxa4 32. Rc7 Rea8 33. R7xc6 Rxa2 34. Ke3 R8a3+ 35. Ke4 Ra1 36. Rb6 Re1+ 37. Kd4 Rxf3 38. Rxb5 Rf6 39. Rbb2 Rd6+ 40. Kc5 Rd8 41. Kc4 Re7 42. Kb3 g5 43. Ka2 Ra7+ 44. Kb1 Rd1+ 45. Rc1 Ra1+ 46. Kxa1 Rxc1+ 47. Ka2 Kh7 48. Rd2 Kg6 49. Kb2 Rh1 50. g4 Rg1 51. h3 Rg3 52. Rh2 Kf6 53. Kc2 Ke5 54. Kd2 Kf4 55. Ke2 Re3+ 56. Kf1 Kg3  0-1

[Event "BL 0506 TV Tegernsee - SK Zehlendorf"]
[Site "?"]
[Date "2006.02.18"]
[Round "10.5"]
[White "Heinig, Wolfram Dr"]
[Black "Teske, Henrik"]
[Result "1/2-1/2"]
[BlackElo "2487"]
[EventDate "2006.??.??"]
[PlyCount "26"]
[WhiteElo "2338"]

1. d4 e6 2. g3 d5 3. Bg2 Nf6 4. c4 dxc4 5. Nf3 Nc6 6. Qa4 Bb4+ 7. Bd2 Nd5 8. Bxb4 Nxb4 9. Nc3 Bd7 10. O-O a5 11. Qd1 O-O 12. Nd2 Nxd4 13. Bxb7 Rb8  1/2-1/2

[Event "BL 0506 Solinger SG - SG Kirchheim"]
[Site "?"]
[Date "2006.??.??"]
[Round "9.6"]
[White "Hoffmann, Michael"]
[Black "Wintzer, Joachim Dr"]
[Result "1/2-1/2"]
[BlackElo "2322"]
[EventDate "2006.??.??"]
[PlyCount "146"]
[WhiteElo "2475"]

1. d4 e6 2. c4 f5 3. Nc3 Bb4 4. Qc2 Nf6 5. e3 b6 6. Bd3 Bb7 7. f3 g6 8. Ne2 Nc6 9. Bd2 Bf8 10. a3 Qe7 11. O-O Bh6 12. d5 Nd8 13. e4 Bxd2 14. Qxd2 fxe4 15. Nxe4 exd5 16. Nxf6+ Qxf6 17. cxd5 Bxd5 18. Bxg6+ hxg6 19. Qxd5 c6 20. Qd3 Ne6 21. b4 O-O-O 22. Qd6 Qb2 23. Rfe1 Rh5 24. Qd3 Qf6 25. Rad1 Kb7 26. Qd6 Re5 27. Rd3 Kc8 28. a4 Qf5 29. Kf2 Rxe2+ 30. Rxe2 Nf4 31. Ree3 Nxd3+ 32. Rxd3 Qf7 33. Rd2 Qc4 34. g4 Qb3 35. a5 bxa5 36. bxa5 Qb5 37. Qxg6 Qxa5 38. Qd6 Qc7 39. Qxc7+ Kxc7 40. h4 d5 41. h5 Kd6 42. Ke3 c5 43. h6 d4+ 44. Ke4 Re8+ 45. Kf5 Rf8+ 46. Kg6 Rxf3 47. Rh2 Rf8 48. h7 d3 49. h8=Q Rxh8 50. Rxh8 Ke5 51. g5 c4 52. Re8+ Kd4 53. Kf5 c3 54. Re4+ Kc5 55. g6 d2 56. g7 d1=Q 57. g8=Q Qd7+ 58. Kf4 Qd2+ 59. Ke5 Qd6+ 60. Kf5 Qd7+ 61. Kf4 Qd2+ 62. Kf3 Qd3+ 63. Re3 Qf1+ 64. Ke4 Qc4+ 65. Qxc4+ Kxc4 66. Re2 a5 67. Rh2 a4 68. Ke3 a3 69. Rh8 a2 70. Ra8 Kb3 71. Kd3 Kb2 72. Rb8+ Ka1 73. Ra8 Kb2  1/2-1/2

[Event "BL 0506 SV Werder Bremen - Hamburger SK"]
[Site "Bremen"]
[Date "2005.11.11"]
[Round "7.6"]
[White "Fish, Gennadij"]
[Black "Rogozenko, Dorian"]
[Result "1/2-1/2"]
[BlackElo "2526"]
[EventDate "2005.??.??"]
[PlyCount "42"]
[WhiteElo "2550"]

1. d4 Nf6 2. c4 e6 3. Nc3 Bb4 4. e3 O-O 5. Bd3 d5 6. Ne2 Re8 7. O-O b6 8. a3 Bf8 9. e4 dxe4 10. Nxe4 Nbd7 11. Bg5 Bb7 12. Qc2 h6 13. Nxf6+ Nxf6 14. Bh4 Be7 15. Rad1 Qd7 16. Rfe1 Rad8 17. b4 a5 18. Qb2 axb4 19. axb4 Nh5 20. Bxe7 Qxe7 21. f3 Qg5  1/2-1/2

[Event "BL 0506 SG Solingen- SV Wattenscheid"]
[Site "?"]
[Date "2005.12.09"]
[Round "7.1"]
[White "Sargissian, Gabriel"]
[Black "Jussupow, Artur"]
[Result "1/2-1/2"]
[BlackElo "2595"]
[EventDate "2005.12.09"]
[PlyCount "83"]
[WhiteElo "2610"]

1. d4 Nf6 2. c4 e6 3. Nc3 Bb4 4. e3 c5 5. Ne2 b6 6. a3 Ba5 7. g3 Bb7 8. d5 Ne4 9. Bg2 Bxc3+ 10. Nxc3 Nxc3 11. bxc3 e5 12. O-O d6 13. e4 Nd7 14. f4 Qe7 15. a4 h6 16. Qd3 O-O 17. Bd2 Nf6 18. Bf3 Bc8 19. f5 Bd7 20. g4 Nh7 21. Kg2 Rab8 22. Kg3 a6 23. h4 f6 24. Rfb1 Rb7 25. Rb2 Rfb8 26. Qc2 Be8 27. Be3 b5 28. axb5 axb5 29. cxb5 Bxb5 30. Rab1 Be8 31. Rxb7 Rxb7 32. Rxb7 Qxb7 33. Qa2 Nf8 34. Be2 Nd7 35. Qa5 Qb6 36. Qxb6 Nxb6 37. g5 hxg5 38. hxg5 fxg5 39. Bxg5 Kf8 40. Bd8 Nd7 41. Kh4 Nf6 42. Bf3  1/2-1/2

[Event "BL 0506 SF Katernberg - SV Mülheim Nord"]
[Site "?"]
[Date "2005.12.09"]
[Round "7.2"]
[White "Erenburg, Sergey"]
[Black "Fridman, Daniel"]
[Result "1-0"]
[BlackElo "2564"]
[EventDate "2005.??.??"]
[PlyCount "83"]
[WhiteElo "2582"]

1. e4 c6 2. d4 d5 3. e5 c5 4. dxc5 Nc6 5. Nf3 Bg4 6. Bb5 e6 7. b4 Ne7 8. c3 a6 9. Ba4 Qc7 10. Bf4 f6 11. Bg3 Nf5 12. exf6 Nxg3 13. hxg3 gxf6 14. Qd4 Bxf3 15. gxf3 Bg7 16. Nd2 O-O-O 17. Bxc6 bxc6 18. Nb3 f5 19. Qd3 Kb7 20. O-O-O h5 21. a4 Rb8 22. Rde1 Rh6 23. Na5+ Ka7 24. Rxh5 Rxh5 25. Rxe6 Rh6 26. Nxc6+ Qxc6 27. Rxc6 Rxc6 28. Qxd5 Rbc8 29. Kc2 f4 30. Qf7+ R8c7 31. Qxf4 Re7 32. Kb3 Rcc7 33. Qd6 Rb7 34. c6 Rbc7 35. Qc5+ Ka8 36. Qb6 Be5 37. f4 Bd6 38. Qxa6+ Kb8 39. Qb6+ Kc8 40. b5 Rf7 41. Qd4 Bf8 42. a5  1-0

[Event "BL 0506 SC Eppingen - SV Wattenscheid"]
[Site "?"]
[Date "2005.12.11"]
[Round "6.7"]
[White "Lemmers, Oscar Dr"]
[Black "Mann, Christian"]
[Result "0-1"]
[BlackElo "2464"]
[EventDate "2005.??.??"]
[PlyCount "58"]
[WhiteElo "2425"]

1. e4 d5 2. exd5 Qxd5 3. Nc3 Qa5 4. Bc4 Nf6 5. d4 Bg4 6. f3 Bf5 7. Ne2 e6 8. O-O Nbd7 9. Ng3 Bg6 10. Qe2 O-O-O 11. a3 e5 12. Kh1 exd4 13. Nb5 a6 14. Nxd4 h5 15. Rd1 h4 16. Nf1 h3 17. g3 Re8 18. Qf2 Ne5 19. Ba2 Qb6 20. Be3 c5 21. Nb3 Nxf3 22. Nbd2 Ne5 23. Kg1 Bxc2 24. Nc4 Nxc4 25. Qxc2 Nxe3 26. Nxe3 Rxe3 27. Qf5+ Re6 28. Bxe6+ fxe6 29. Qf2 Ng4  0-1

[Event "BL 0506 SG Kirchheim - SV Mülheim Nord"]
[Site "?"]
[Date "2005.12.10"]
[Round "5.1"]
[White "Landa, Konstantin"]
[Black "Wippermann, Till"]
[Result "1-0"]
[BlackElo "2446"]
[EventDate "2005.??.??"]
[PlyCount "109"]
[WhiteElo "2600"]

1. e4 c5 2. Nc3 g6 3. d4 cxd4 4. Qxd4 Nf6 5. Nf3 Nc6 6. Qa4 d6 7. e5 Ng4 8. Bb5 Bg7 9. exd6 Qxd6 10. O-O O-O 11. Bf4 e5 12. Rad1 Qb4 13. Bc1 Qxa4 14. Bxa4 Be6 15. h3 Nh6 16. Rfe1 Nf5 17. Ng5 Bc8 18. Nd5 Rb8 19. c3 b5 20. Bb3 Na5 21. Bc2 Rb7 22. Ne4 Ne7 23. Nd6 Nxd5 24. Rxd5 Rb6 25. Be3 Ra6 26. Nxc8 Rxc8 27. Rxb5 Nc4 28. Bb3 Nxb2 29. Bd5 Rd6 30. c4 e4 31. Rb7 Be5 32. Bxf7+ Kh8 33. Rb1 Nxc4 34. Bxc4 Rxc4 35. g4 Rdc6 36. Rxa7 Rc7 37. Ra8+ Kg7 38. Rd1 Bf6 39. Kg2 h5 40. g5 Be7 41. Kg3 Bc5 42. Rad8 Rf7 43. R8d7 Bxe3 44. fxe3 Ra4 45. R1d2 Ra5 46. h4 Rf5 47. Rxf7+ Rxf7 48. a4 Rf3+ 49. Kg2 Rxe3 50. Ra2 Rd3 51. a5 e3 52. Kf3 e2+ 53. Kxe2 Rd4 54. a6 Rxh4 55. Kd3  1-0

[Event "BL 0506 SG Kirchheim - SC Eppingen"]
[Site "?"]
[Date "2005.11.13"]
[Round "4.7"]
[White "Miltner, Arndt"]
[Black "Rudolph, Johannes"]
[Result "1/2-1/2"]
[BlackElo "2314"]
[EventDate "2005.??.??"]
[PlyCount "108"]
[WhiteElo "2400"]

1. e4 Nf6 2. e5 Nd5 3. d4 d6 4. c4 Nb6 5. exd6 cxd6 6. Nc3 g6 7. Be3 Bg7 8. Rc1 O-O 9. b3 e5 10. dxe5 dxe5 11. Qxd8 Rxd8 12. c5 N6d7 13. Nf3 Nc6 14. Bc4 h6 15. O-O Nf8 16. Nb5 Be6 17. Nd6 Bxc4 18. Rxc4 Rd7 19. b4 Ne6 20. b5 Ncd4 21. Bxd4 exd4 22. Ne4 f5 23. Ned2 Rd5 24. Rfc1 b6 25. cxb6 axb6 26. Rc8+ Rd8 27. Rxa8 Rxa8 28. Rc6 Kf7 29. Rxb6 Rxa2 30. g3 d3 31. Nc4 Nc5 32. Rc6 d2 33. Nfxd2 Nd3 34. Rd6 Ra1+ 35. Nf1 Ne5 36. Nd2 Bf8 37. Rd8 Bb4 38. Kg2 Bxd2 39. Nxd2 Ra2 40. Nf3 Nxf3 41. Kxf3 Rb2 42. Rb8 g5 43. Ke3 Kg7 44. b6 g4 45. b7 Rb3+ 46. Kd4 Rb1 47. Ke5 Rb5+ 48. Ke6 Rb2 49. Kxf5 Rxf2+ 50. Kxg4 Rb2 51. Kf5 Rf2+ 52. Ke5 Rb2 53. Kd5 Rd2+ 54. Kc4 Rb2  1/2-1/2

[Event "BL 0506 SV Wattenscheid - Godesberger S"]
[Site "?"]
[Date "2005.11.13"]
[Round "4.8"]
[White "Straeter, Timo"]
[Black "Jackelen, Thomas"]
[Result "0-1"]
[BlackElo "2454"]
[EventDate "2005.??.??"]
[PlyCount "156"]
[WhiteElo "2342"]

1. d4 d5 2. Nf3 Nf6 3. Bf4 c5 4. e3 Nc6 5. dxc5 e6 6. c3 Bxc5 7. Nbd2 O-O 8. Bd3 h6 9. b4 Bd6 10. b5 Na5 11. Bxd6 Qxd6 12. Qa4 Qc7 13. Qd4 b6 14. O-O Bb7 15. Ne5 Rac8 16. Rac1 Rfd8 17. Qf4 Ne4 18. Bxe4 dxe4 19. Nxe4 Rd5 20. Nf3 Qxf4 21. exf4 f5 22. Ng3 Rd3 23. Nd4 Bd5 24. h4 Rdxc3 25. Nge2 R3c5 26. a3 Kf7 27. Rcd1 Kf6 28. Rfe1 Nc4 29. a4 Na5 30. Ng3 R8c7 31. Nh5+ Kf7 32. Rd3 g6 33. Ng3 Rc1 34. Rxc1 Rxc1+ 35. Kh2 h5 36. Nge2 Rc4 37. Rc3 Ke7 38. Rg3 Kf6 39. Ra3 Nb7 40. f3 Ke7 41. Kg3 Kd6 42. Kf2 Na5 43. Ke3 Rb4 44. Ra1 Nc4+ 45. Kf2 Rb2 46. Rg1 Ra2 47. g4 hxg4 48. fxg4 fxg4 49. Rxg4 Be4 50. f5 gxf5 51. Rg6 Bd5 52. Nxf5+ Kc5 53. Ng3 Ne5 54. Rg5 Kd6 55. h5 Rxa4 56. Nc3 Rf4+ 57. Ke2 Rh4 58. Nxd5 Kxd5 59. Rg7 Nc4 60. Rh7 Nd6 61. Rd7 Kc5 62. Kf2 Nxb5 63. Re7 Nd4 64. Ke3 Rh3 65. Kf4 Rxg3 66. Kxg3 Nf5+ 67. Kf4 Nxe7 68. h6 Ng6+ 69. Kg5 Nh8 70. Kf6 b5 71. Kxe6 b4 72. Kf6 b3 73. Kg7 b2 74. Kxh8 b1=Q 75. h7 Kd6 76. Kg8 Qg6+ 77. Kh8 Qf6+ 78. Kg8 Ke7  0-1

[Event "BL 0506 TV Tegernsee - SG Kirchheim"]
[Site "?"]
[Date "2005.11.12"]
[Round "3.6"]
[White "Kindermann, Stefan"]
[Black "Vonthron, Horst"]
[Result "1-0"]
[BlackElo "2339"]
[EventDate "2005.??.??"]
[PlyCount "89"]
[WhiteElo "2535"]

1. e4 e6 2. d4 d5 3. Nc3 Nf6 4. Bg5 Bb4 5. exd5 Qxd5 6. Bxf6 gxf6 7. Ne2 Nc6 8. Qd2 Bxc3 9. Nxc3 Qxd4 10. Qxd4 Nxd4 11. O-O-O c5 12. Ne4 b6 13. c3 Nf5 14. g4 Nh4 15. Nxf6+ Ke7 16. g5 h6 17. f4 hxg5 18. fxg5 Rb8 19. Be2 Rb7 20. Rhf1 Rc7 21. Bh5 Ng6 22. Bxg6 fxg6 23. Ng4 Rd7 24. Ne5 Rxd1+ 25. Rxd1 Rxh2 26. Nc6+ Kf7 27. Rd8 Ba6 28. Ne5+ Ke7 29. Rd7+ Ke8 30. Rxa7 Bf1 31. Nxg6 Rg2 32. Re7+ Kd8 33. Rxe6 Rxg5 34. Rxb6 Kc7 35. Rf6 Bd3 36. Nf4 Rg1+ 37. Kd2 Bb1 38. a4 Ba2 39. b4 Bb3 40. Ne6+ Bxe6 41. Rxe6 Rg4 42. b5 Rxa4 43. Rc6+ Kb7 44. Rxc5 Kb6 45. Rd5  1-0

[Event "BL 0506 SC Eppingen - OSC Baden Baden"]
[Site "?"]
[Date "2005.11.12"]
[Round "3.8"]
[White "Meinhardt, Maximillian"]
[Black "Schlosser, Philipp"]
[Result "0-1"]
[BlackElo "2560"]
[EventDate "2005.??.??"]
[PlyCount "112"]
[WhiteElo "2372"]

1. e4 c5 2. Nf3 d6 3. Nc3 Nf6 4. d4 cxd4 5. Nxd4 a6 6. Bc4 e6 7. Bb3 b5 8. O-O Be7 9. Qf3 Qb6 10. Bg5 O-O 11. Rad1 Nbd7 12. Qg3 Nc5 13. Bh6 Ne8 14. Rfe1 Bd7 15. Nf5 exf5 16. Nd5 Qd8 17. Nxe7+ Qxe7 18. Bg5 Qe5 19. Qxe5 dxe5 20. Be7 Nxb3 21. Rxd7 Nd4 22. c3 Nc6 23. Bxf8 Kxf8 24. exf5 Rc8 25. f3 h5 26. Red1 Nf6 27. Rb7 Na5 28. Ra7 Nc4 29. Rxa6 Nxb2 30. Rb1 Nd3 31. Rxb5 Rxc3 32. Kf1 Ke7 33. Ke2 Nc5 34. Ra7+ Nfd7 35. Kd2 Rc4 36. a3 Rd4+ 37. Kc2 Kf6 38. Rb4 Rd6 39. a4 Kxf5 40. a5 g5 41. Ra8 h4 42. Rb2 Kf4 43. Ra2 Na6 44. Ra3 Ndc5 45. Rf8 f6 46. Rc8 f5 47. Rg8 Ne6 48. Kc1 Nd4 49. Rg7 Nc5 50. Rc7 Ncb3+ 51. Kb2 Ra6 52. Rc4 Nxa5 53. Rb4 Ra7 54. Kc3 Rc7+ 55. Kd3 Nc6 56. Rc4 h3  0-1

[Event "BL 0506 SG Köln Porz - SV Wattenscheid"]
[Site "?"]
[Date "2005.11.12"]
[Round "3.1"]
[White "Sargissian, Gabriel"]
[Black "Lutz, Christopher"]
[Result "1/2-1/2"]
[BlackElo "2609"]
[EventDate "2005.??.??"]
[PlyCount "115"]
[WhiteElo "2610"]

1. d4 Nf6 2. c4 e6 3. Nc3 Bb4 4. e3 O-O 5. Ne2 d5 6. a3 Be7 7. cxd5 exd5 8. b4 b6 9. g3 c6 10. Bg2 b5 11. Bd2 a5 12. Na2 axb4 13. Nxb4 Bb7 14. Qc2 Qd6 15. O-O Nbd7 16. Nd3 Nb6 17. Bb4 Qc7 18. Nc3 Nc4 19. Nc5 Rfe8 20. a4 bxa4 21. N3xa4 Ba6 22. Rfb1 Bxc5 23. Nxc5 Bb5 24. e4 dxe4 25. Nxe4 Nd5 26. Bc5 h6 27. Nc3 Rxa1 28. Rxa1 Nxc3 29. Qxc3 Qd7 30. Re1 Rxe1+ 31. Qxe1 Qe6 32. Qxe6 fxe6 33. f4 Ne3 34. Bf3 Kf7 35. Kf2 Nd5 36. Bh5+ g6 37. Bd1 h5 38. Bc2 Bc4 39. Bd6 Nf6 40. Be5 Ng4+ 41. Ke1 Ne3 42. Bb1 Bb3 43. Be4 Bd5 44. Bb1 Bb3 45. Kf2 Ng4+ 46. Kg2 Bc2 47. Ba2 Be4+ 48. Kg1 Ne3 49. Bb3 Bc2 50. Ba2 Be4 51. h3 Bf5 52. Kf2 Nd1+ 53. Kg2 Be4+ 54. Kg1 Ne3 55. Kf2 Nd1+ 56. Kg1 Ne3 57. Bb3 Bc2 58. Ba2  1/2-1/2

[Event "BL 0506 SV Mülheim Nord - SFR Neukölln"]
[Site "?"]
[Date "2005.10.23"]
[Round "2.1"]
[White "Miroshnichenko, Evgenij"]
[Black "Landa, Konstantin"]
[Result "1-0"]
[BlackElo "2600"]
[EventDate "2005.??.??"]
[PlyCount "69"]
[WhiteElo "2634"]

1. Nf3 c5 2. c4 Nc6 3. Nc3 e5 4. g3 g6 5. Bg2 Bg7 6. O-O d6 7. a3 a5 8. Qa4 Ra6 9. e3 Ne7 10. Qc2 O-O 11. b3 Bf5 12. d3 Qd7 13. Bb2 Bh3 14. Bxh3 Qxh3 15. Nd5 Qd7 16. Nd2 h5 17. f4 h4 18. Ne4 Nxd5 19. cxd5 Ne7 20. fxe5 Nxd5 21. Qf2 Qe6 22. exd6 hxg3 23. hxg3 Bxb2 24. Qxb2 f5 25. Rae1 Rc6 26. Qh2 Nf6 27. Qh6 Nxe4 28. dxe4 Rxd6 29. Rf4 Qe5 30. Ref1 Qg7 31. Qg5 Rdf6 32. g4 R8f7 33. exf5 gxf5 34. Rxf5 Rxf5 35. Rxf5  1-0

[Event "BL 0506 Godesberger SK - TV Tegernsee"]
[Site "?"]
[Date "2005.10.23"]
[Round "2.7"]
[White "Hertneck, Gerald"]
[Black "Jackelen, Thomas"]
[Result "1/2-1/2"]
[BlackElo "2454"]
[EventDate "2005.??.??"]
[PlyCount "101"]
[WhiteElo "2539"]

1. e4 d5 2. exd5 Qxd5 3. Nc3 Qa5 4. Bc4 Nf6 5. d4 Bg4 6. f3 Bh5 7. Ne2 Nc6 8. Bd2 O-O-O 9. Nb5 Qb6 10. a4 Nxd4 11. Nbxd4 Rxd4 12. Nxd4 Qxd4 13. Qe2 Qxb2 14. O-O e6 15. Kh1 Bd6 16. c3 Bg6 17. a5 Qc2 18. g4 Ne4 19. fxe4 Bxe4+ 20. Kg1 Bc5+ 21. Rf2 Bc6 22. Bd3 Qb3 23. Bc4 Qc2 24. Be1 Qg6 25. Bb5 Bd5 26. Bd3 f5 27. Rd1 Bc6 28. Kf1 Qh6 29. Qxe6+ Qxe6 30. Bxf5 Bb5+ 31. Kg2 Bc6+ 32. Kh3 Re8 33. Re2 Qxf5 34. Rxe8+ Bxe8 35. gxf5 Bd7 36. Kg4 g6 37. Kg5 Bxf5 38. Kh6 b6 39. axb6 cxb6 40. Kxh7 a5 41. Rd2 Kc7 42. Bf2 Kc6 43. Kg7 b5 44. h4 a4 45. Kf6 Bb1 46. Bxc5 Kxc5 47. Rd1 Bc2 48. Rd2 Bf5 49. h5 gxh5 50. Kxf5 Kc4 51. Rb2  1/2-1/2

[Event "BL 0506 SC Kreuzberg - SV Mülheim Nord"]
[Site "?"]
[Date "2005.10.22"]
[Round "1.1"]
[White "Landa, Konstantin"]
[Black "Aronian, Levon"]
[Result "1/2-1/2"]
[BlackElo "2724"]
[EventDate "2005.??.??"]
[PlyCount "50"]
[WhiteElo "2600"]

1. d4 Nf6 2. c4 e6 3. Nc3 Bb4 4. Qc2 d5 5. cxd5 exd5 6. Bg5 c5 7. dxc5 h6 8. Bh4 g5 9. Bg3 Ne4 10. e3 Qa5 11. Ne2 Nc6 12. O-O-O Bf5 13. Nxe4 Bxe4 14. Qb3 Qxc5+ 15. Nc3 O-O 16. Bd6 Qxd6 17. Nxe4 Qg6 18. Nc3 Rac8 19. Bd3 Qg7 20. Kb1 Bxc3 21. Qxc3 Qxc3 22. bxc3 Ne5 23. Be2 Rfd8 24. Kb2 Nc4+ 25. Bxc4 Rxc4  1/2-1/2

[Event "BL 0607 Werder Bremen - TV Tegernsee"]
[Site "?"]
[Date "2006.10.29"]
[Round "2.2"]
[White "Areshchenko, Alexander"]
[Black "Khenkin, Igor"]
[Result "1-0"]
[BlackElo "2620"]
[WhiteElo "2640"]

1. e4 c6 2. d4 d5 3. e5 c5 4. dxc5 Nc6 5. Bb5 e6 6. Be3 Ne7 7. c3 Nf5 8. Bd4 Bd7 9. Bxc6 Bxc6 10. Nf3 Nxd4 11. Qxd4 a5 12. b4 axb4 13. cxb4 b6 14. cxb6 Ra4 15. a3 Qa8 16. O-O Bxb4 17. axb4 Rxa1 18. Qc5 f6 19. Nd4 Bd7 20. exf6 gxf6 21. Qd6 Qc8 22. Nf5 exf5 23. Qxf6 Qd8  1-0

[Event "BL 0607 SG Köln Porz - OSC Baden Baden"]
[Site "?"]
[Date "2006.11.18"]
[Round "3.4"]
[White "Graf, Alexander"]
[Black "Harikrishna, Pentala"]
[Result "1/2-1/2"]
[BlackElo "2674"]
[WhiteElo "2601"]

{ H-H } 1. d4 Nf6 2. c4 e6 3. Nc3 Bb4 4. e3 O-O 5. Bd3 b6 6. Ne2 d5 7. cxd5 exd5 8. O-O Re8 9. f3 Bb7 10. e4 dxe4 11. fxe4 Bxc3 12. bxc3 Bxe4 13. Bg5 Bxd3 14. Qxd3 Nbd7 15. Ng3 Qe7 16. Rf3 h6 17. Bf4 c6 18. Raf1 Qe6 19. Re3 Qg4 20. Nf5 Rxe3 21. Bxe3 Qe4 22. Qd2 Ng4 23. Bg5 hxg5 24. Qxg5 g6 25. Qxg4 Qxg4 26. Nh6+ Kg7 27. Nxg4 Re8 28. Kf2 f5 29. Ne3 Nf6 30. Rc1 b5 31. Kf3 Ne4 32. Rc2 c5 33. dxc5 Rc8 34. g4 Kf6 35. gxf5 gxf5 36. c4 bxc4 37. Kf4 Nxc5 38. Nxc4 Nd3+ 39. Ke3 Nb4 40. Rc1 Nxa2 41. Ra1 Nb4 42. Na3 Rc3+ 43. Kd2 Rd3+ 44. Ke2 Rh3 45. Nb5 Rxh2+ 46. Kf3 a6 47. Ra4 Rh3+ 48. Kg2 Rb3 49. Nd4 Rb2+ 50. Kf3 Rb1 51. Ke2 Kg5 52. Kf3 Kf6 53. Kg2 Nd3 54. Rxa6+ Ke5 55. Ne2 Rb3 56. Ra5+ Ke4 57. Ng3+ Kf4 58. Nxf5 Rb2+ 59. Kh3 Nf2+ 60. Kh4 Ne4 61. Kh5 Rb6 62. Ng7 Ng3+ 63. Kh4 Rh6+ 64. Nh5+ Nxh5 65. Rxh5 Rxh5+ 66. Kxh5  1/2-1/2